000 01287nam a22003497a 4500
003 CHAP
005 20220817044054.0
008 060118d2005 mx r 00110 spa d
010 _a91559
011 _a92531
020 _a9707040742
035 _a103096
040 _cCHAP
082 0 4 _a378.0972
_bF56
100 1 _aFlores Crespo, Pedro
_941476
245 1 0 _aEducación superior y desarrollo humano :
_bel caso de tres universidades tecnológicas
_c/por Pedro Flores Crespo
260 _aMéxico, D. F. :
_bAsociación Nacional de Universidades e Instituciones de Educación Superior,
_c2005.
300 _a231 p.
490 0 _aBiblioteca de la educación superior. Serie investigaciones
590 _aBATCH-UPD
_b10
_c20130110
_lUCH01
_h0624
590 _aBATCH-UPD
_b10
_c20130410
_lUCH01
_h0307
590 _aBATCH-UPD
_b10
_c20130914
_lUCH01
_h0618
590 _aCONVERSION
_b10
_c20130109
_lUCH01
_h1351
650 1 4 _aEducación superior.
650 1 4 _aUniversidades.
_9116595
830 0 _aBiblioteca de la educación superior. Serie investigaciones
901 _aBK
905 _aLilia
942 _cLIBRO
949 _a378.0972 F56
_bBC
_cLIBRO
_d33724000966842
_eLIBRO
_fc.2
_h107605
_i103096
_si
949 _a378.0972 F56
_bBC
_cLIBRO
_d33724000966909
_eLIBRO
_h107604
_i103096
_si
999 _c91559
_d91559